LEADER 01346nam0 22003373i 450 001 NAP0638817 005 20251003044257.0 010 $a9789814316408 100 $a20140526d2014 ||||0itac50 ba 101 | $aeng 102 $asg 181 1$6z01$ai $bxxxe 182 1$6z01$an 200 1 $aNanomaterials for lithium-ion batteries$efundamentals and applications$fedited by Rachid Yazami 210 $aSingapore$cPan Stanford$d2014 215 $aXIV, 448 p.$cill.$d24 cm 606 $aBatterie di accumulatori$2FIR$3CFIC093160$9I 606 $aNanotecnologie$2FIR$3UFIC123791$9E 676 $a621.31$9Generazione, modificazione, accumulazione, trasmissione dell'energia elettrica$v14 676 $a621.31242$9ENERGIA ELETTRICA. CONVERSIONE DIRETTA DELL'ENERGIA. CONVERSIONE ELETTROCHIMICA$v22 696 $aNanotecnologia 699 $aNanotecnologie$zNanotecnologia 702 1$aYazami$b, Rachid$3NAPV153597$4340 801 3$aIT$bIT-000000$c20140526 850 $aIT-BN0095 901 $bNAP 01$cSALA DING $n$ 912 $aNAP0638817 950 0$aBiblioteca Centralizzata di Ateneo$b1 v.$c1 v.$d 01SALA DING 621.31 NANFLI$e 0102 0000097845 VMA A4 1 v.$fY $h20140526$i20140526 977 $a 01 996 $aNanomaterials for lithium-ion batteries$91573839 997 $aUNISANNIO LEADER 02759nam 2200697 a 450 001 9910957453603321 005 20251117005138.0 010 $a1-134-66409-5 010 $a0-203-78445-6 010 $a1-282-66705-X 010 $a9786612667053 010 $a1-4441-1913-3 024 7 $a10.4324/9780203784457 035 $a(CKB)2670000000031484 035 $a(EBL)564773 035 $a(OCoLC)650246947 035 $a(SSID)ssj0000416910 035 $a(PQKBManifestationID)12190795 035 $a(PQKBTitleCode)TC0000416910 035 $a(PQKBWorkID)10436437 035 $a(PQKB)10639020 035 $a(MiAaPQ)EBC564773 035 $a(Au-PeEL)EBL564773 035 $a(CaPaEBR)ebr10400341 035 $a(CaONFJC)MIL266705 035 $a(OCoLC)897447728 035 $a(OCoLC)56813207 035 $a(FINmELB)ELB157166 035 $a(EXLCZ)992670000000031484 100 $a20050106d2004 uy 0 101 0 $aeng 135 $aur|n|---||||| 181 $ctxt 182 $cc 183 $acr 200 10$aEnglish in modern times, 1700-1945 /$fJoan C. Beal 205 $a1st ed. 210 $aLondon $cArnold ;$aNew York $cDistributed in the U.S.A. by Oxford University Press$d2004 215 $a1 online resource (281 p.) 300 $aFirst published 2004 by Hodder Arnold. 311 08$a1-138-14406-1 311 08$a0-340-76117-2 320 $aIncludes bibliographical references (p. [221]-237) and indexes. 327 $aModern English and modern times -- The vocabulary of later modern English -- Recording and regulating the lexicon : dictionaries from Dr. Johnson to the Oxford English dictionary -- Syntactic change in later modern English -- Grammars and grammarians -- Phonological change in later modern English -- Defining the standard of pronunciation : pronouncing dictionaries and the rise of RP -- Beyond standard English : varieties of English in the later modern period. 330 $aEnglish in Modern Times describes the development of the English language from 1700 until 1945, and argues that it is in the course of this later modern English period that the characteristics of 'modern' English evolved. 517 1 $aEnglish in modern times 606 $aEnglish language$xHistory 606 $aEnglish language$xGrammar, Historical 606 $aEnglish language$xStandardization 615 0$aEnglish language$xHistory. 615 0$aEnglish language$xGrammar, Historical. 615 0$aEnglish language$xStandardization. 676 $a420/.9 700 $aBeal$b Joan C$0477454 801 0$bMiAaPQ 801 1$bMiAaPQ 801 2$bMiAaPQ 906 $aBOOK 912 $a9910957453603321 996 $aEnglish in modern times, 1700-1945$94484445 997 $aUNINA